| 000 | 00375nam a2200133Ia 4500 | ||
|---|---|---|---|
| 008 | 170516s9999 xx 000 0 und d | ||
| 245 | 2 | _aA Crucial Role of CXCL14 for Promoting Regulatory T Cells Activation in Stroke | |
| 260 | _bTheranostics | ||
| 260 | _c2017 | ||
| 300 | _a7:4 | ||
| 650 | _xMedical Technology | ||
| 650 | _xMedtech | ||
| 856 | _uhttp://www.thno.org/v7i4 | ||
| 999 |
_c329913 _d329913 |
||